जंगल पाती पाती: वेरियर एल्विन की डायरी / (Record no. 207074)

MARC details
000 -LEADER
fixed length control field 00904nam a22001937a 4500
005 - DATE AND TIME OF LATEST TRANSACTION
control field 20241202172324.0
010 ## - LCCN (DPL NO)
LC control number HIN-128839
020 ## - INTERNATIONAL STANDARD BOOK NUMBER
International Standard Book Number 9789392228575
Terms of availability 1200.00
035 ## - SYSTEM CONTROL NUMBER
System control number HN-101185
037 ## - SOURCE OF ACQUISITION
Source of stock number/acquisition DBAD
082 ## - DEWEY DECIMAL CLASSIFICATION NUMBER
Classification number 808.883
100 ## - MAIN ENTRY--PERSONAL NAME
Personal name एल्विन, वेरियर
245 ## - TITLE STATEMENT
Title जंगल पाती पाती: वेरियर एल्विन की डायरी /
Statement of responsibility, etc वेरियर एल्विन; मधुकर उपाध्याय द्वारा संपादित
250 ## - EDITION STATEMENT
Edition statement प्रथम
260 ## - PUBLICATION, DISTRIBUTION, ETC. (IMPRINT)
Place of publication, distribution, etc नोएडा उ. प्र.
Name of publisher, distributor, etc सेतु प्रकाशन
Date of publication, distribution, etc 2023
270 ## - ADDRESS
Address सी-21, सेक्टर-65
City नोएडा उ. प्र.
Postal code 201301.
Electronic mail address setuprakashan@gmail.com
300 ## - PHYSICAL DESCRIPTION
Extent 398 पृ.
Dimensions 20 सेमी (सजिल्द)
942 ## - ADDED ENTRY ELEMENTS (KOHA)
Source of classification or shelving scheme Dewey Decimal Classification
Item type Hindi Books
Classification part 808.883
Call number suffix एल्विन
Holdings
Withdrawn status Lost status Not for loan Collection code Home library Current library Date acquired Source of acquisition Cost, normal purchase price Full call number Barcode Copy number Cost, replacement price Koha item type
      Non-fiction Bawana Bawana 27/11/2024 DBAD 1200.00 808.883 एल्विन HN-101185 1 1200.00 Hindi Books

© Delhi Public Library
Hit Counter
free hit counter